[Event "M.Chigorin Memorial 2017 "]
[Site "?????-?????????"]
[Date "2017.10.25"]
[Round "5"]
[Board "53"]
[White "Gaifullin, Artur"]
[Black "Zimin, Alexey"]
[Result "1-0"]
[WhiteElo "2414"]
[BlackElo "2227"]
[PlyCount "129"]
[EventDate "2017.10.21"]
[EventRounds "9"]
[EventCountry "RUS"]

1. d4 d5 2. c4 e6 3. Nf3 c5 4. cxd5 exd5 5. g3 Nc6 6. Bg2 Nf6 7. O-O Be7 8. Nc3
O-O 9. dxc5 Bxc5 10. Bg5 d4 11. Bxf6 Qxf6 12. Nd5 Qf5 13. Nd2 Rd8 14. Nf4 Bd6
15. Nd3 Be6 16. Rc1 Bd5 17. Bxd5 Qxd5 18. Qb3 Qxb3 19. Nxb3 Re8 20. Rc2 Re7 21.
Rd1 Rae8 22. Kf1 g6 23. a3 h5 24. Ne1 Be5 25. Nf3 Bf6 26. Nbxd4 Nxd4 27. Nxd4
Rd7 28. e3 Red8 29. Ke2 a6 30. h4 Bxd4 31. Rcd2 Rc7 32. Rxd4 Rxd4 33. Rxd4 Kg7
34. Rd6 Rc2+ 35. Rd2 Rc6 36. Kf3 Kf6 37. Rd4 Ke6 38. Rb4 b5 39. b3 Rc5 40. a4
bxa4 41. bxa4 Ke5 42. Rb7 Ra5 43. Rxf7 Rxa4 44. Rg7 Kf6 45. Ra7 Ra2 46. e4 a5
47. Ra6+ Kf7 48. Ra7+ Ke6 49. Ke3 a4 50. f3 a3 51. Kf4 Ra1 52. Kg5 a2 53. Kxg6
Rg1 54. Rxa2 Rxg3+ 55. Kxh5 Rxf3 56. Kg4 Rf1 57. h5 Ke5 58. Ra5+ Kxe4 59. h6
Rh1 60. Kg5 Rg1+ 61. Kf6 Rh1 62. Kg6 Rg1+ 63. Rg5 Ra1 64. h7 Ra6+ 65. Kh5  1-0

[Event "M.Chigorin Memorial 2017 "]
[Site "?????-?????????"]
[Date "2017.10.25"]
[Round "5"]
[Board "54"]
[White "Shpartko, Grigory"]
[Black "Sadovsky, Artem"]
[Result "1-0"]
[WhiteElo "2216"]
[BlackElo "2407"]
[PlyCount "115"]
[EventDate "2017.10.21"]
[EventRounds "9"]
[EventCountry "RUS"]

1. d4 g6 2. Nf3 Bg7 3. g3 c5 4. c3 b6 5. Bg2 Bb7 6. O-O Nf6 7. Nbd2 O-O 8. Re1
d6 9. e4 cxd4 10. cxd4 Nc6 11. a3 Rc8 12. b4 Nd7 13. Bb2 b5 14. Qe2 a6 15. Nb3
e6 16. Rad1 Re8 17. e5 dxe5 18. dxe5 Qe7 19. h4 Ba8 20. Qe3 Rc7 21. h5 Rb8 22.
h6 Bf8 23. Nh2 Nb6 24. Bc1 Nc4 25. Qf4 a5 26. bxa5 N6xa5 27. Nxa5 Bxg2 28. Kxg2
Nxa5 29. Ng4 Nb3 30. Nf6+ Kh8 31. Rd3 Rc4 32. Rxb3 Rxf4 33. Bxf4 Qb7+ 34. Kg1
Be7 35. Rd1 Qc6 36. Rc1 Qa6 37. Rc7 Bxf6 38. exf6 Kg8 39. Rc5 Rd8 40. Rcxb5 Kf8
41. Kh2 Qc6 42. a4 Qc2 43. Rb2 Qxa4 44. Bc7 Ra8 45. Rb8+ Qe8 46. Bd6+ Kg8 47.
g4 e5 48. Bxe5 Rxb8 49. Rxb8 Qxb8 50. Bxb8 Kf8 51. Kg3 Kg8 52. Kf4 Kh8 53. Ke5
Kg8 54. Kd6 Kh8 55. Ke7 Kg8 56. Ba7 g5 57. Be3 Kh8 58. Bxg5  1-0

[Event "M.Chigorin Memorial 2017 "]
[Site "?????-?????????"]
[Date "2017.10.25"]
[Round "5"]
[Board "55"]
[White "Bryakin, Mikhail"]
[Black "Tsvetkov, Andrey"]
[Result "1-0"]
[WhiteElo "2391"]
[BlackElo "2218"]
[PlyCount "99"]
[EventDate "2017.10.21"]
[EventRounds "9"]
[EventCountry "RUS"]

1. b3 d5 2. Bb2 Nf6 3. e3 Bg4 4. Nf3 e6 5. Be2 Nbd7 6. h3 Bh5 7. d3 h6 8. Nbd2
Bd6 9. e4 dxe4 10. dxe4 e5 11. Nh4 Bxe2 12. Qxe2 g6 13. O-O-O Nb6 14. f4 Qe7
15. Nhf3 Nh5 16. fxe5 Ba3 17. Qe3 Bxb2+ 18. Kxb2 O-O-O 19. a3 Ng7 20. Nb1 Ne6
21. Nc3 Qc5 22. Qxc5 Nxc5 23. Rxd8+ Rxd8 24. Rf1 Ne6 25. Ne1 Rd7 26. Nd3 c6 27.
Nf4 Nxf4 28. Rxf4 Re7 29. e6 Rxe6 30. Rxf7 Nd7 31. Kc1 h5 32. Kd2 Kd8 33. Ke3
Re7 34. Rxe7 Kxe7 35. Kf4 Kf6 36. h4 Nf8 37. e5+ Kf7 38. Ne4 Ne6+ 39. Ke3 Ke7
40. a4 Ng7 41. Nd6 Ke6 42. Kf4 b6 43. c4 a5 44. Kg5 Kxe5 45. Nf7+ Kd4 46. Kxg6
Kc3 47. Kxg7 Kxb3 48. g4 hxg4 49. Ne5 g3 50. h5  1-0

[Event "M.Chigorin Memorial 2017 "]
[Site "?????-?????????"]
[Date "2017.10.25"]
[Round "5"]
[Board "56"]
[White "Moksh, Amit Doshi"]
[Black "Gubajdullin, Alexei"]
[Result "1-0"]
[WhiteElo "2222"]
[BlackElo "2391"]
[PlyCount "119"]
[EventDate "2017.10.21"]
[EventRounds "9"]
[EventCountry "RUS"]

1. d4 g6 2. c4 Bg7 3. Nc3 d6 4. e4 Nf6 5. Nf3 O-O 6. Be2 Nbd7 7. O-O e5 8. Be3
Re8 9. Qc2 Ng4 10. Bg5 f6 11. Bd2 exd4 12. Nxd4 f5 13. exf5 Bxd4 14. Bxg4 Qh4
15. Bh3 Ne5 16. Be3 Bxe3 17. fxe3 Qxc4 18. Qd2 Qf7 19. e4 gxf5 20. Bxf5 Qg7 21.
Nd5 Rf8 22. Rac1 Rf7 23. Rc3 Kh8 24. Rf4 c6 25. Ne3 Be6 26. Qxd6 Bxa2 27. Ra3
Rg8 28. Rf2 Bc4 29. Rxa7 Ba6 30. Qd2 Rff8 31. h3 Rd8 32. Qc2 Rd3 33. Qc5 Qg3
34. Nf1 Rd1 35. Bg4 Rxf1+ 36. Rxf1 Bxf1 37. Kxf1 h5 38. Ra3 Qh2 39. Bf3 Rd8 40.
Qe3 Qg3 41. Qh6+ Kg8 42. Qe6+ Kg7 43. Qe7+ Nf7 44. Qxf7+ Kxf7 45. Bxh5+ Qg6 46.
Bxg6+ Kxg6 47. Ke2 Rd4 48. Kf3 Rb4 49. b3 Kg5 50. g3 c5 51. h4+ Kh5 52. Kf4 b6
53. Kf5 Rb5 54. e5 Kh6 55. g4 Kg7 56. Ra7+ Kg8 57. Kg6 Kf8 58. Kf6 Kg8 59. Ra8+
Kh7 60. g5  1-0

[Event "M.Chigorin Memorial 2017 "]
[Site "?????-?????????"]
[Date "2017.10.25"]
[Round "5"]
[Board "57"]
[White "Ibadov, Dashgyn"]
[Black "Zhang, Ziji"]
[Result "1-0"]
[WhiteElo "2213"]
[BlackElo "2387"]
[PlyCount "85"]
[EventDate "2017.10.21"]
[EventRounds "9"]
[EventCountry "RUS"]

1. e4 e5 2. Nf3 Nc6 3. Bb5 a6 4. Ba4 Nf6 5. d3 b5 6. Bb3 Be7 7. O-O d6 8. c3
O-O 9. Re1 Na5 10. Bc2 c5 11. Nbd2 Nc6 12. Nf1 Re8 13. Bg5 h6 14. Bd2 Bf8 15.
Ng3 Be6 16. Qc1 d5 17. exd5 Qxd5 18. Qd1 Rad8 19. h3 Bc8 20. Qe2 Qe6 21. Nh4
Nd5 22. Nhf5 Nde7 23. Nxe7+ Rxe7 24. Ne4 Qg6 25. Kh1 Ree8 26. Rad1 f5 27. Ng3
f4 28. Ne4 Bf5 29. Qf3 Kh8 30. Kh2 Nb8 31. g3 fxg3+ 32. fxg3 Nd7 33. g4 Be6 34.
Qg3 Be7 35. d4 exd4 36. cxd4 cxd4 37. Bb1 Qf7 38. Rf1 Nf6 39. Nxf6 Bxf6 40. g5
hxg5 41. Bxg5 Qh5 42. Rxf6 Rd5 43. Rh6+  1-0

[Event "M.Chigorin Memorial 2017 "]
[Site "?????-?????????"]
[Date "2017.10.25"]
[Round "5"]
[Board "58"]
[White "Davydov, Sergey P."]
[Black "Ovod, Evgenija"]
[Result "0-1"]
[WhiteElo "2207"]
[BlackElo "2379"]
[PlyCount "120"]
[EventDate "2017.10.21"]
[EventRounds "9"]
[EventCountry "RUS"]

1. d4 f5 2. Nf3 Nf6 3. c4 g6 4. Nc3 Bg7 5. g3 d6 6. Bg2 O-O 7. O-O Qe8 8. Nd5
Nxd5 9. cxd5 Nd7 10. Ng5 Nb6 11. a4 a5 12. e3 h6 13. Ne6 Bxe6 14. dxe6 d5 15.
Qc2 c6 16. b3 Rf6 17. Qc5 Nc8 18. Bd2 b6 19. Qc2 Rxe6 20. Rac1 Rd6 21. f4 e6
22. b4 axb4 23. Bxb4 c5 24. dxc5 bxc5 25. Qxc5 Rda6 26. Qb5 Qxb5 27. axb5 Rb6
28. Rc6 Rxb5 29. Bc5 Bc3 30. Rd1 Kf7 31. Bf1 Rb3 32. Ba6 Ne7 33. Bxe7 Kxe7 34.
Bc8 Rxc8 35. Rxc8 Ba5 36. Kf2 Rb2+ 37. Kf3 Rxh2 38. Ra1 Bb4 39. Rb1 Bd6 40. Rh8
e5 41. fxe5 Bxe5 42. Rb7+ Kf6 43. Rb6+ Kg7 44. Ra8 g5 45. Ra7+ Kf8 46. e4 dxe4+
47. Ke3 Bxg3 48. Ra8+ Kf7 49. Ra7+ Ke8 50. Re6+ Kd8 51. Rh7 Bf4+ 52. Kd4 Rd2+
53. Kc5 e3 54. Rg6 Rd7 55. Rg8+ Kc7 56. Rxh6 Bd6+ 57. Kb5 Re7 58. Rxg5 e2 59.
Rh1 f4 60. Rc1+ Kd7  0-1

[Event "M.Chigorin Memorial 2017 "]
[Site "?????-?????????"]
[Date "2017.10.25"]
[Round "5"]
[Board "59"]
[White "Nikitenko, Mihail"]
[Black "Hakobyan, Hovhannes H."]
[Result "1/2-1/2"]
[WhiteElo "2376"]
[BlackElo "2212"]
[PlyCount "62"]
[EventDate "2017.10.21"]
[EventRounds "9"]
[EventCountry "RUS"]

1. e4 e6 2. d4 d5 3. Nd2 c5 4. exd5 Qxd5 5. Ngf3 cxd4 6. Bc4 Qd8 7. O-O Nf6 8.
Nb3 Nc6 9. Qe2 Be7 10. Rd1 O-O 11. Nbxd4 Qc7 12. Bg5 a6 13. a4 Bd7 14. c3 Rad8
15. Bb3 Nxd4 16. Nxd4 Rfe8 17. Bc2 e5 18. Nf5 Bxf5 19. Bxf5 Nd5 20. Bxe7 Nxe7
21. Bc2 g6 22. h4 Nd5 23. g3 e4 24. Rd4 e3 25. Rad1 exf2+ 26. Qxf2 Re3 27. Rxd5
Rxg3+ 28. Kh1 Rh3+ 29. Kg1 Rg3+ 30. Kh1 Rh3+ 31. Kg1 Rg3+  1/2-1/2

[Event "M.Chigorin Memorial 2017 "]
[Site "?????-?????????"]
[Date "2017.10.25"]
[Round "5"]
[Board "60"]
[White "Chekletsov, Ilya"]
[Black "Khokhlova, Daria"]
[Result "1-0"]
[WhiteElo "2372"]
[BlackElo "2207"]
[PlyCount "113"]
[EventDate "2017.10.21"]
[EventRounds "9"]
[EventCountry "RUS"]

1. d4 Nf6 2. c4 g6 3. Nc3 Bg7 4. e4 d6 5. Be2 O-O 6. Nf3 e5 7. Be3 c6 8. d5 Na6
9. a3 c5 10. Rb1 Nc7 11. b4 b6 12. O-O Ng4 13. Bg5 f6 14. Bh4 h5 15. Nd2 Nh6
16. f3 g5 17. Bf2 f5 18. exf5 Nxf5 19. Nce4 Bh6 20. Nb3 Ne8 21. Kh1 Nf6 22. Bd3
Qe7 23. bxc5 bxc5 24. Na5 Qg7 25. Nc6 g4 26. Nxf6+ Rxf6 27. fxg4 hxg4 28. Bxf5
Rxf5 29. Bh4 Bg5 30. Bxg5 Qxg5 31. Qb3 Rxf1+ 32. Rxf1 Ba6 33. Qa4 Rf8 34. Rg1
Bb7 35. Qxa7 Bxc6 36. dxc6 g3 37. h3 e4 38. Qd7 Qf5 39. Qxf5 Rxf5 40. Re1 Rf8
41. Kg1 Rc8 42. Rxe4 Rxc6 43. Rg4+ Kf7 44. Rxg3 Ra6 45. Rd3 Ke6 46. Kf2 Ra4 47.
Rc3 d5 48. cxd5+ Kxd5 49. Rd3+ Ke4 50. Ke2 Ra8 51. g4 c4 52. Rg3 Rb8 53. g5
Rb2+ 54. Kd1 Kd4 55. g6 Rb8 56. g7 Rg8 57. Kc2  1-0

[Event "M.Chigorin Memorial 2017 "]
[Site "?????-?????????"]
[Date "2017.10.25"]
[Round "5"]
[Board "61"]
[White "Bashirli, Nail"]
[Black "Utiatskaja, Irina"]
[Result "1-0"]
[WhiteElo "2363"]
[BlackElo "2203"]
[PlyCount "49"]
[EventDate "2017.10.21"]
[EventRounds "9"]
[EventCountry "RUS"]

1. e4 c5 2. Nf3 d6 3. Nc3 Nf6 4. d4 cxd4 5. Nxd4 a6 6. Be2 e6 7. O-O Nbd7 8. f4
b5 9. Bf3 Bb7 10. e5 Bxf3 11. Nxf3 Ng4 12. Qe2 b4 13. Ne4 d5 14. Ng3 g6 15. Kh1
Qb6 16. h3 Nh6 17. Be3 Bc5 18. Bxc5 Nxc5 19. Rad1 Rd8 20. Ng5 Ng8 21. f5 exf5
22. e6 Nxe6 23. Qe5 Qd6 24. Qxh8 Nxg5 25. Nxf5  1-0

[Event "M.Chigorin Memorial 2017 "]
[Site "?????-?????????"]
[Date "2017.10.25"]
[Round "5"]
[Board "62"]
[White "Cherednichenko, Dmitrij"]
[Black "Karpenko, Artem"]
[Result "1-0"]
[WhiteElo "2209"]
[BlackElo "2362"]
[PlyCount "67"]
[EventDate "2017.10.21"]
[EventRounds "9"]
[EventCountry "RUS"]

1. e4 c6 2. d4 d5 3. Nc3 dxe4 4. Nxe4 Nf6 5. Nxf6+ gxf6 6. c3 h5 7. Nf3 h4 8.
h3 Bf5 9. Bf4 Nd7 10. d5 Qb6 11. dxc6 Qxc6 12. Nd4 Qe4+ 13. Be3 Bh6 14. Nxf5
Qxf5 15. Bxh6 Rxh6 16. Qd2 Rh8 17. O-O-O O-O-O 18. Bd3 Qd5 19. Qe3 e6 20. Qxa7
Qxg2 21. Rhg1 Qf3 22. a4 Ne5 23. Bb5 Qf4+ 24. Kb1 Qf3 25. Rd4 Kc7 26. a5 Nc6
27. Qb6+ Kc8 28. Rc4 Rd1+ 29. Rxd1 Qxd1+ 30. Ka2 Qd5 31. a6 Rh5 32. axb7+ Kb8
33. Qxc6 Qxc6 34. Bxc6  1-0

[Event "M.Chigorin Memorial 2017 "]
[Site "?????-?????????"]
[Date "2017.10.25"]
[Round "5"]
[Board "63"]
[White "Baltabaev, Temirlan"]
[Black "Navrodskiy, Boris"]
[Result "1-0"]
[WhiteElo "2353"]
[BlackElo "2180"]
[PlyCount "119"]
[EventDate "2017.10.21"]
[EventRounds "9"]
[EventCountry "RUS"]

1. d4 d5 2. c4 e6 3. Nf3 c6 4. g3 Bd6 5. Bg2 f5 6. b3 Nf6 7. O-O O-O 8. a4 Nbd7
9. Ba3 Ne4 10. Bxd6 Nxd6 11. Qc2 Qe7 12. Nfd2 Kh8 13. Nc3 Nf6 14. e3 Bd7 15. a5
a6 16. Na4 Be8 17. f3 e5 18. dxe5 Qxe5 19. Qc3 Qxc3 20. Nxc3 Bf7 21. e4 fxe4
22. fxe4 d4 23. Na4 Rae8 24. Nc5 Bg6 25. Rf4 h5 26. Raf1 Re5 27. b4 Re7 28. Re1
Rfe8 29. e5 Nf7 30. e6 Ng5 31. Rxd4 Nxe6 32. Nxe6 Rxe6 33. Rxe6 Rxe6 34. Rd8+
Kh7 35. Nf3 Re7 36. h4 Bf5 37. Nd4 Be4 38. Bh3 Ng4 39. Bxg4 hxg4 40. Rd6 Bd3
41. c5 Bc4 42. Kf2 Re4 43. Rd7 Kg6 44. Kg1 Re1+ 45. Kf2 Re4 46. Kg1 Bd5 47. Nc2
Bc4 48. Rd4 Bd5 49. Rxe4 Bxe4 50. Ne3 Kf6 51. Nc4 Ke6 52. Nd6 Kd5 53. Kf2 Kd4
54. Ke2 g6 55. Nxb7 Kc3 56. Ke3 Bd5 57. Kf4 Kxb4 58. Kxg4 Be6+ 59. Kg5 Bc8 60.
Kxg6  1-0

[Event "M.Chigorin Memorial 2017 "]
[Site "?????-?????????"]
[Date "2017.10.25"]
[Round "5"]
[Board "64"]
[White "Sukhareva, Evgeniya"]
[Black "Lesovoi, Evgenij"]
[Result "1-0"]
[WhiteElo "2207"]
[BlackElo "2351"]
[PlyCount "69"]
[EventDate "2017.10.21"]
[EventRounds "9"]
[EventCountry "RUS"]

1. d4 Nf6 2. c4 e6 3. Nc3 Bb4 4. Qc2 c5 5. a3 Bxc3+ 6. bxc3 d6 7. Nf3 Nbd7 8.
e4 Qc7 9. Be2 O-O 10. O-O b6 11. h3 Bb7 12. d5 Rfe8 13. Bd3 b5 14. dxe6 Rxe6
15. Ng5 Ree8 16. e5 Nxe5 17. Bxh7+ Kh8 18. cxb5 g6 19. f4 Nc4 20. f5 Nxh7 21.
fxg6 Nxg5 22. Bxg5 Be4 23. Bf6+ Kg8 24. Qe2 fxg6 25. Qxc4+ d5 26. Qe2 Re6 27.
Qg4 Qf7 28. Qg5 Rae8 29. Rad1 Qh7 30. Rd2 Qh5 31. Qg3 Qh6 32. Rdf2 Qf8 33. Qh4
Bf5 34. Qh8+ Kf7 35. Qh7+  1-0

[Event "M.Chigorin Memorial 2017 "]
[Site "?????-?????????"]
[Date "2017.10.25"]
[Round "5"]
[Board "65"]
[White "Nandhidhaa, Pv"]
[Black "Fenil, Shah"]
[Result "0-1"]
[WhiteElo "2190"]
[BlackElo "2350"]
[PlyCount "72"]
[EventDate "2017.10.21"]
[EventRounds "9"]
[EventCountry "RUS"]

1. e4 e5 2. Nf3 Nc6 3. Bb5 a6 4. Ba4 Nf6 5. O-O b5 6. Bb3 Bc5 7. c3 d6 8. d4
Bb6 9. a4 Rb8 10. axb5 axb5 11. Na3 O-O 12. Nxb5 Bg4 13. d5 Ne7 14. Qd3 Ng6 15.
c4 Nh5 16. Bd1 Nhf4 17. Qc2 f5 18. Ne1 Bxd1 19. Qxd1 fxe4 20. Ra3 Nh4 21. Be3
Nf5 22. Bxb6 Rxb6 23. Kh1 Qh4 24. g3 Qh3 25. Rg1 Nd3 26. Nxd3 exd3 27. Qd2 e4
28. Qf4 Nd4 29. Qxe4 Nf3 30. Rg2 d2 31. Rd3 Ra6 32. Na3 Raa8 33. Qe2 Ne1 34. f4
Rae8 35. Qxd2 Nxg2 36. Nc2 Ne1  0-1

[Event "M.Chigorin Memorial 2017 "]
[Site "?????-?????????"]
[Date "2017.10.25"]
[Round "5"]
[Board "66"]
[White "Garanin, Aleksei"]
[Black "Belenkaya, Dina"]
[Result "1-0"]
[WhiteElo "2145"]
[BlackElo "2346"]
[PlyCount "71"]
[EventDate "2017.10.21"]
[EventRounds "9"]
[EventCountry "RUS"]

1. d4 d5 2. c4 dxc4 3. e3 Nf6 4. Bxc4 e6 5. Nf3 a6 6. O-O c5 7. Bb3 cxd4 8.
exd4 Be7 9. Nc3 O-O 10. Bg5 Nc6 11. Qd2 Na5 12. Bc2 b5 13. Rad1 Bb7 14. Qf4 g6
15. Bh6 Nh5 16. Qe3 Re8 17. Ne5 Nc4 18. Nxc4 bxc4 19. Ba4 Rf8 20. Bxf8 Kxf8 21.
b3 Rc8 22. bxc4 Rxc4 23. Bb3 Rc8 24. d5 e5 25. Ne4 Bd6 26. Rc1 Rxc1 27. Rxc1
Ba3 28. Rd1 Nf4 29. g3 Nh3+ 30. Kg2 Bc8 31. d6 Bd7 32. Qh6+ Kg8 33. Bxf7+ Kxf7
34. Qxh7+ Kf8 35. Qh8+ Kf7 36. Qxd8  1-0

[Event "M.Chigorin Memorial 2017 "]
[Site "?????-?????????"]
[Date "2017.10.25"]
[Round "5"]
[Board "67"]
[White "Chen, Qi B"]
[Black "Semenenko, Sergey"]
[Result "1-0"]
[WhiteElo "2345"]
[BlackElo "2175"]
[PlyCount "55"]
[EventDate "2017.10.21"]
[EventRounds "9"]
[EventCountry "RUS"]

1. e4 c5 2. Nf3 d6 3. d4 cxd4 4. Nxd4 Nf6 5. Nc3 a6 6. h3 e6 7. g4 d5 8. Nde2
Bb4 9. a3 Bxc3+ 10. Nxc3 d4 11. Ne2 e5 12. Bg2 Nc6 13. O-O O-O 14. f4 Nd7 15.
f5 f6 16. Ng3 a5 17. h4 b6 18. g5 Ne7 19. Qg4 Qe8 20. Nh5 Qf7 21. Rf3 Kh8 22.
Rg3 g6 23. gxf6 Nxf6 24. Nxf6 Qxf6 25. Bh6 Rg8 26. Qg5 Qxg5 27. Bxg5 Re8 28.
Bf6+  1-0

[Event "M.Chigorin Memorial 2017 "]
[Site "?????-?????????"]
[Date "2017.10.25"]
[Round "5"]
[Board "68"]
[White "Krasovskiy, Sviatoslav"]
[Black "Karasev, Vladimir I"]
[Result "0-1"]
[WhiteElo "2128"]
[BlackElo "2339"]
[PlyCount "100"]
[EventDate "2017.10.21"]
[EventRounds "9"]
[EventCountry "RUS"]

1. c4 e5 2. Nf3 e4 3. Nd4 Nc6 4. Nxc6 dxc6 5. Nc3 Nf6 6. d4 exd3 7. Qxd3 Qxd3
8. exd3 Bf5 9. Be3 O-O-O 10. O-O-O Ng4 11. Be2 h5 12. h3 Nxe3 13. fxe3 Be7 14.
Rhf1 Bg6 15. e4 Rhe8 16. g4 h4 17. Rf3 a6 18. Kc2 b5 19. cxb5 axb5 20. a4 b4
21. Nb1 Bg5 22. Nd2 Bxd2 23. Rxd2 Re5 24. Rd1 f6 25. b3 Kb7 26. Kb2 Kb6 27. Rc1
Rd4 28. Bf1 c5 29. Rf2 c4 30. Rxc4 Rxc4 31. dxc4 Bxe4 32. Rd2 Bf3 33. Bg2 Bxg2
34. Rxg2 Re3 35. c5+ Kxc5 36. g5 f5 37. g6 f4 38. Rg4 Re2+ 39. Kc1 f3 40. Kd1
Rb2 41. Ke1 Rxb3 42. Rxh4 Rb2 43. Rh7 Re2+ 44. Kd1 b3 45. Rh5+ Kb4 46. Rb5+
Kxa4 47. Rb7 b2 48. h4 Rg2 49. h5 Rg1+ 50. Kc2 b1=Q+  0-1

[Event "M.Chigorin Memorial 2017 "]
[Site "?????-?????????"]
[Date "2017.10.25"]
[Round "5"]
[Board "69"]
[White "Payen, Arnaud"]
[Black "Bondarenko, Ivan"]
[Result "1-0"]
[WhiteElo "2335"]
[BlackElo "2131"]
[PlyCount "91"]
[EventDate "2017.10.21"]
[EventRounds "9"]
[EventCountry "RUS"]

1. Nf3 Nf6 2. c4 c5 3. Nc3 e6 4. e3 d5 5. d4 Nc6 6. cxd5 exd5 7. Bb5 a6 8.
Bxc6+ bxc6 9. O-O Be7 10. dxc5 Bxc5 11. b3 Bg4 12. Bb2 O-O 13. Rc1 Bd6 14. Ne2
Bxf3 15. gxf3 Rc8 16. Kh1 Ne8 17. Rg1 f6 18. Rxc6 Nc7 19. Nd4 Be5 20. Qc2 Bxd4
21. Bxd4 Ne6 22. Bb6 Qd7 23. Rc1 Rce8 24. Qf5 g6 25. Qg4 Rc8 26. Rxc8 Rxc8 27.
Rxc8+ Qxc8 28. Bd4 Kg7 29. Qh4 Nxd4 30. Qxd4 Qh3 31. Qd1 h5 32. Kg1 Qf5 33. Kg2
Qg5+ 34. Kf1 Qe5 35. h4 Qf5 36. Kg2 g5 37. Qd4 Kg6 38. e4 Qf4 39. Qxd5 Qxh4 40.
Qf5+ Kg7 41. e5 fxe5 42. Qxe5+ Kh6 43. Qd6+ Kh7 44. Qg3 Qd4 45. Qxg5 h4 46.
Qh5+  1-0

[Event "M.Chigorin Memorial 2017 "]
[Site "?????-?????????"]
[Date "2017.10.25"]
[Round "5"]
[Board "70"]
[White "Myshkovskiy, Sviatoslav"]
[Black "Vaishali, R"]
[Result "0-1"]
[WhiteElo "2062"]
[BlackElo "2330"]
[PlyCount "94"]
[EventDate "2017.10.21"]
[EventRounds "9"]
[EventCountry "RUS"]

1. d4 d5 2. c4 Nc6 3. e3 e5 4. dxe5 d4 5. Nf3 Bb4+ 6. Bd2 dxe3 7. fxe3 Bg4 8.
Be2 Bxf3 9. Bxf3 Qh4+ 10. g3 Qxc4 11. Qe2 Qc1+ 12. Kf2 Qxb2 13. Bxc6+ bxc6 14.
Bxb4 Qxb4 15. Nd2 Nh6 16. Rab1 Qe7 17. Nc4 O-O 18. Rhf1 Qe6 19. Kg1 Ng4 20. Rf4
Nxe5 21. Rc1 Ng6 22. Rd4 Rad8 23. Qd3 Rd5 24. Qa3 Rxd4 25. exd4 Qg4 26. Qe3 Rd8
27. Ne5 Nxe5 28. Qxe5 Qxd4+ 29. Qxd4 Rxd4 30. Rxc6 Rd1+ 31. Kg2 Rd2+ 32. Kg1
Rxa2 33. Rxc7 h5 34. h4 g6 35. Rb7 Kg7 36. Kh1 Kf6 37. Kg1 Ke6 38. Kh1 f6 39.
Rb5 a6 40. Rb6+ Ke5 41. Rc6 Kf5 42. Kg1 a5 43. Rc4 Re2 44. Kf1 Re4 45. Rc6 Re6
46. Rc4 Ke5 47. Ke2 Kd5+  0-1

[Event "M.Chigorin Memorial 2017 "]
[Site "?????-?????????"]
[Date "2017.10.25"]
[Round "5"]
[Board "71"]
[White "Khlebovich, Alexander"]
[Black "Tsapalin, Sergey"]
[Result "1-0"]
[WhiteElo "2326"]
[BlackElo "2016"]
[PlyCount "113"]
[EventDate "2017.10.21"]
[EventRounds "9"]
[EventCountry "RUS"]

1. Nf3 f5 2. d3 Nf6 3. e4 d6 4. exf5 Bxf5 5. d4 g6 6. Bd3 Bg4 7. h3 Bxf3 8.
Qxf3 Nc6 9. Bb5 d5 10. Nc3 Bg7 11. O-O O-O 12. Bxc6 bxc6 13. Qe2 Qd6 14. Re1
Rf7 15. Qe5 Nd7 16. Qxd6 cxd6 17. Be3 e5 18. Ne2 Nf8 19. Rad1 Ne6 20. b3 c5 21.
c3 Rd8 22. Rd2 Rc7 23. Red1 cxd4 24. cxd4 e4 25. Nf4 Nxf4 26. Bxf4 Kf7 27. Kf1
Ke6 28. Ke2 Rdc8 29. Be3 Rc3 30. Rb1 Kd7 31. h4 h5 32. Rg1 Bf6 33. g3 Ke6 34.
Rf1 Rf8 35. Rb2 Rfc8 36. Rd1 Bd8 37. Rbb1 Rc2+ 38. Rd2 Bb6 39. Kd1 Rxd2+ 40.
Kxd2 Kf5 41. Rc1 Rxc1 42. Kxc1 Kg4 43. Kd2 Kf3 44. b4 a6 45. a4 a5 46. b5 Bc7
47. Ke1 Bb6 48. Kf1 Ba7 49. Bd2 Bb6 50. Bf4 Bxd4 51. Be3 Bf6 52. b6 Bd8 53. b7
Bc7 54. Ba7 d4 55. Bxd4 Bb8 56. Bb6 d5 57. Be3  1-0

[Event "M.Chigorin Memorial 2017 "]
[Site "?????-?????????"]
[Date "2017.10.25"]
[Round "5"]
[Board "72"]
[White "Eynullayev, Atilla"]
[Black "Boruchovsky, Avital"]
[Result "0-1"]
[WhiteElo "1919"]
[BlackElo "2565"]
[PlyCount "92"]
[EventDate "2017.10.21"]
[EventRounds "9"]
[EventCountry "RUS"]

1. d4 Nf6 2. c4 e6 3. g3 c5 4. d5 exd5 5. cxd5 d6 6. Bg2 g6 7. Nc3 Bg7 8. Nf3
O-O 9. O-O Re8 10. Bf4 Ne4 11. Nxe4 Rxe4 12. Nd2 Rxf4 13. gxf4 Bxb2 14. Rb1 Bg7
15. e4 Na6 16. Re1 Nb4 17. Rb3 a5 18. a3 a4 19. Rbe3 Na6 20. e5 b5 21. e6 f5
22. Nf3 Qe7 23. Ng5 Bf6 24. Nf7 Nc7 25. Rg3 Ne8 26. Qd3 Bh4 27. Nh6+ Kh8 28.
Qxf5 Qf6 29. Nf7+ Kg7 30. Qxf6+ Bxf6 31. f5 b4 32. fxg6 h5 33. e7 Bf5 34. Be4
Bxe4 35. Rxe4 b3 36. Rd3 b2 37. Rd1 Rc8 38. Rc4 Bxe7 39. f4 Nf6 40. Rb1 Rb8 41.
Rc2 Kxg6 42. Ng5 Rb3 43. Rbxb2 Nxd5 44. Ne4 Nxf4 45. Nd2 Rxa3 46. Nc4 Ra1+  0-1

[Event "M.Chigorin Memorial 2017 "]
[Site "?????-?????????"]
[Date "2017.10.25"]
[Round "5"]
[Board "73"]
[White "Praggnanandhaa, R"]
[Black "Yeritsyan, Hayk"]
[Result "1-0"]
[WhiteElo "2503"]
[BlackElo "2105"]
[PlyCount "35"]
[EventDate "2017.10.21"]
[EventRounds "9"]
[EventCountry "RUS"]

1. Nf3 Nf6 2. g3 g6 3. b3 Bg7 4. Bb2 O-O 5. Bg2 d6 6. d4 Nc6 7. O-O e5 8. dxe5
Ng4 9. Qc1 Ngxe5 10. Nxe5 Nxe5 11. c4 Bg4 12. Qd2 Re8 13. Nc3 Qc8 14. f4 Nc6
15. e3 Rxe3 16. Bxc6 Bxc3 17. Bxc3 Rxc3 18. Bg2  1-0

[Event "M.Chigorin Memorial 2017 "]
[Site "?????-?????????"]
[Date "2017.10.25"]
[Round "5"]
[Board "74"]
[White "Ivanov, Sergei V."]
[Black "Kozionov, Kirill"]
[Result "0-1"]
[WhiteElo "2103"]
[BlackElo "2433"]
[PlyCount "130"]
[EventDate "2017.10.21"]
[EventRounds "9"]
[EventCountry "RUS"]

1. e4 g6 2. d4 Bg7 3. Nc3 d6 4. Nf3 a6 5. Bc4 b5 6. Bd5 Ra7 7. a3 e6 8. Ba2 Nd7
9. O-O Ne7 10. Be3 Ra8 11. Qd2 h6 12. Ne2 Bb7 13. Ng3 c5 14. c3 Qc7 15. Ne1 Nf6
16. f3 c4 17. Bb1 Bc6 18. Bc2 h5 19. Bf4 h4 20. Ne2 Rd8 21. a4 Rh5 22. Be3 Qb7
23. Nf4 Rh8 24. Nh3 Kf8 25. Bg5 Rh5 26. axb5 Bxb5 27. Ba4 Nh7 28. Be3 Bxa4 29.
Rxa4 Rb5 30. Ra2 Rb8 31. Rf2 Kg8 32. Qe2 d5 33. Bc1 Nf6 34. e5 Ne8 35. f4 Nf5
36. Qg4 a5 37. Nf3 Qe7 38. Nhg5 Bh6 39. Nxh4 Kg7 40. Ngf3 Nc7 41. g3 Rh8 42.
Ng2 Kf8 43. h4 Ke8 44. Qh3 Bg7 45. g4 Nh6 46. Qg3 Kd7 47. Ne3 Kc6 48. Kf1 Bf8
49. Ng5 Qd7 50. Qf3 Kb6 51. Ke2 Ng8 52. Qg3 f6 53. Nf3 f5 54. gxf5 gxf5 55. Rh2
Nh6 56. Ng5 Rb3 57. Qf3 a4 58. Bd2 Nb5 59. Nc2 a3 60. bxa3 Bxa3 61. Rh1 Bb2 62.
Qf1 Bxc3 63. Nf3 Ng4 64. Qc1 Bxd2 65. Qxd2 Nc3+  0-1

[Event "M.Chigorin Memorial 2017 "]
[Site "?????-?????????"]
[Date "2017.10.25"]
[Round "5"]
[Board "75"]
[White "Ekdyshman, Mikhail"]
[Black "Tarasov, Ilya"]
[Result "0-1"]
[WhiteElo "2366"]
[BlackElo "2102"]
[PlyCount "62"]
[EventDate "2017.10.21"]
[EventRounds "9"]
[EventCountry "RUS"]

1. d4 d6 2. c4 e5 3. Nf3 e4 4. Nfd2 f5 5. g3 Nf6 6. Bg2 Be7 7. O-O c6 8. b4 Qb6
9. Nb3 Qxb4 10. c5 dxc5 11. Ba3 Qa4 12. dxc5 O-O 13. Qc1 Be6 14. Nc3 Qc4 15.
Rd1 Nd5 16. Nxd5 Bxd5 17. Qe3 Bf6 18. Nd4 g6 19. Rab1 Nd7 20. Rxb7 Ne5 21. Qh6
Rf7 22. Rxf7 Bxf7 23. Qd2 Qa4 24. Bc1 Rd8 25. e3 Bxa2 26. h3 Bb3 27. Rf1 Bc4
28. Re1 Nd3 29. Rd1 Bxd4 30. exd4 Rxd4 31. Rf1 Nxc1  0-1